| LEADER | 00784nam a2200193 a 4500 | ||
|---|---|---|---|
| 001 | GR-MES568 | ||
| 008 | 991111s gr 000 0 gre d | ||
| 040 | |a GrPaTEI |b gre |c GR-PaULI | ||
| 245 | 0 | 0 | |a Εθνισμός και οικονομική ανάπτυξη : |b Η Ελλάδα στο μεσοπόλεμο. |
| 260 | |b Εξάντας, |c c1978 | ||
| 300 | |a 249 σελ. | ||
| 504 | |a Βιβλιογραφία σελ.:239-246 | ||
| 650 | 4 | |a Οικονομία | |
| 700 | 1 | |a Βεργόπουλος, Κώστας Β., |d 1942- | |
| 710 | 0 | |a Εξάντας | |
| 942 | |2 ddc | ||
| 952 | |0 0 |1 0 |2 ddc |4 0 |7 0 |9 263857 |a MSLG |b MSLG |c BSC |d 2021-01-17 |e 24 |f 0 |g 0.00 |l 0 |p 2420000000112 |r 2021-01-17 00:00:00 |t 1 |w 2021-01-17 |y BK15 |x 19991111 0 1 |x GrPaTEI | ||
| 971 | |a .b25716098 |b 15-04-20 |c 13-09-16 | ||
| 999 | |c 151910 |d 151910 | ||